Monocameralismo y bicameralismo

Saved in:
Bibliografiske detaljer
Hovedforfatter: Roche, Humberto La (Author)
Format: Bog
Sprog:spansk
Udgivet: Maracaibo Universidad Nacional del Zulia 1956
Fag:
Tags: Tilføj Tag
Ingen Tags, Vær først til at tagge denne postø!

MARC

LEADER 00000nam a2200000 a 4500
001 UCT6273
003 CL-VaPUC
008 970106e19560000VE |||||||||||||||||spa|d
082 0 4 |a 328.3  |b ROC  |2 21 
100 0 |a Roche, Humberto La  |e author  |9 376244 
245 1 0 |a Monocameralismo y bicameralismo 
300 |a 62 p 
942 |c BK 
945 |d 19970106 00:00:00  |a paguirre 
260 |a Maracaibo  |b Universidad Nacional del Zulia  |c 1956 
650 0 |a Poder legislativo  |9 258808 
650 0 |a Parlamento  |9 338611 
650 7 |a ORGANOS LEGISLATIVOS  |2 CL-VaPUC  |9 376245 
650 0 |a Poder político  |9 255509 
583 |a last modification  |c 19970106 00:00:00  |k Rodrigo Vera 
999 |c 254988  |d 254986 
952 |0 0  |1 0  |4 0  |6 328_300000000000000_ROC_1956  |7 0  |8 A  |9 277003  |a BIBDER  |b BIBDER  |d 2019-11-19  |i 1801279  |o 328.3 ROC 1956  |p 1801279  |r 2023-01-25  |w 2019-11-19  |y BK  |k DER